=LDR 00000nam 2200000 4500 =001 INLIS000000000040000 =005 20130612145606 =008 ***********************************ind** =035 ##$$0010-061300000040000 =041 ##$$a ind =082 ##$$a 392.4 =100 ##$$a Yuliana, Fitriana =245 ##$$a Take Me Out Valentine:agar cinta menjadi berkah =260 ##$$a mumtaz media $b surabaya =300 ##$$a 113 hlm =850 ##$$a NBPNMAT